00297nam a2200109Ia 4500008004000000082001900040100001700059245003400076260004500110300000800155650002400163210210b1972 xxu||||| |||| 00| 0 eng d a822.33T5 SHAM aSHAKESPEARE. aMacbeth. Ed by Bernard Groom. aLondon.bOxford University Press.,c1972 a191 aClarendon Macbeth